000 00809naa a2200217 4500
005 20110901121751.0
010 _aG-001308
020 _c695.00
_a9788183390798
035 _aG-001308
037 _bGift
082 _a954.11
100 _aFida Mohammad Hassnain
_934071
245 _aBritish policy towards Kashmir 1846-1946 /
_cby Fida Mohammad Hassnain
260 _aSrinagar
_bGulshan Books
_c2009
270 _aResidency Road,
_bSrinagar
_e190001
300 _a185p.
_c22cm(Hb)
500 _aIncludes bibliographical index
942 _2ddc
_cEN
_h954.11
_mFID
999 _c56149
_d56149